Statistiken für Alle PDC Darts Turniersieger 2008

Klicken Sie hier um das Quiz zu spielen!

Allgemein

  • Dieses Quiz wurde 33 mal gespielt
  • Das Durchschnittsergebnis liegt bei 34 aus 53

Antwortstatistiken

TurnierLandDartsspieler% Korrekt
World MatchplayEnglandPhil Taylor
95%
PDPA Players Championship Eindhoven 1EnglandPhil Taylor
95%
Emperors Palace South African MastersEnglandPhil Taylor
95%
PDPA Players Championship Ireland 1EnglandPhil Taylor
95%
Bobby Bourn Memorial TrophyEnglandPhil Taylor
95%
Las Vegas Desert ClassicEnglandPhil Taylor
95%
PDPA Players Championship Las VegasEnglandPhil Taylor
95%
World Grand PrixEnglandPhil Taylor
95%
PDPA Players Championship Bristol 1EnglandPhil Taylor
95%
Premier LeagueEnglandPhil Taylor
95%
PDC US OpenEnglandPhil Taylor
95%
Championship Of DartsEnglandPhil Taylor
95%
London MastersEnglandPhil Taylor
95%
Antwerp Darts TrophyEnglandPhil Taylor
95%
UK Open Midlands Regional FinalEnglandPhil Taylor
95%
PDPA Players Championship MidlandsEnglandPhil Taylor
95%
PDPA Players Championship Germany 2EnglandPhil Taylor
95%
PDPA Players Championship Germany 1EnglandPhil Taylor
95%
UK Open North West Regional FinalEnglandPhil Taylor
95%
European ChampionshipEnglandPhil Taylor
95%
PDPA Players Championship SouthEnglandPhil Taylor
95%
Grand Slam Of DartsEnglandPhil Taylor
95%
PDPA Players Championship Eindhoven 2EnglandPhil Taylor
95%
Glenagle Irish MastersNiederlandeMichael van Gerwen
79%
Open Holland MastersNiederlandeRaymond van Barneveld
74%
PDPA Players Championship Scotland 2EnglandJames Wade
68%
UK OpenEnglandJames Wade
68%
PDPA Players Championship Netherlands 2EnglandJames Wade
68%
PDPA Players Championship Gibraltar 2EnglandJames Wade
68%
World Darts ChampionshipKanadaJohn Part
68%
PDPA Players Championship Gibraltar 1KanadaJohn Part
68%
UK Open Southern Regional FinalEnglandColin Lloyd
58%
Windy City OpenEnglandColin Lloyd
58%
Uk Open Southern West Regional FinalEnglandColin Lloyd
58%
Austrian Open Players ChampionshipSchottlandRobert Thornton
58%
Killarney Pro TourEnglandTerry Jenkins
47%
PDC German Darts ChampionshipNiederlandeCo Stompe
42%
PDPA Players Championship Ireland 2EnglandDennis Priestley
42%
PDPA Players Championship Bristol 2EnglandDennis Priestley
42%
PDPA Players Championship CanadaEnglandDennis Priestley
42%
PDPA Players Championship Netherlands 1EnglandMervyn King
37%
PDPA Players Championship GlaskowEnglandMervyn King
37%
New Kids On The OcheEnglandArron Monk
21%
North American Darts ChampionshipUSADarin Young
21%
PDPA Players Championship North WestEnglandAlan Tabern
11%
PDPA Players Championship Wales 2EnglandAlan Tabern
11%
Atlanta Players ChampionshipEnglandAlan Tabern
11%
PDPA Players Championship Scotland 1EnglandAlex Roy
11%
PDPA Players Championship Wales 1EnglandRonnie Baxter
11%
PDPA Players Championship KirchheimEnglandColin Osborne
5%
UK Open North East Regional FinalEnglandColin Osborne
5%
Ireland Open Autumn ClassicNordirlandFelix McBrearty
5%
Oceanic MastersAustralienRassel Stewart
5%

Verteilung der Resultate

Perzentil nach korrekt beantworteten Fragen

Anzahl Personen mit jedem Resultat

Ihre Resultats-Entwicklung

Sie haben dieses Quiz noch nicht gespielt